<?xml version="1.0" encoding="UTF-8"?>
<record
    xmlns:xsi="http://www.w3.org/2001/XMLSchema-instance"
    xsi:schemaLocation="http://www.loc.gov/MARC21/slim http://www.loc.gov/standards/marcxml/schema/MARC21slim.xsd"
    xmlns="http://www.loc.gov/MARC21/slim">

  <leader>00607nam a22002177a 4500</leader>
  <controlfield tag="003">OSt</controlfield>
  <controlfield tag="005">20140310182815.0</controlfield>
  <controlfield tag="008">130227t        xxu||||| |||| 00| 0 eng d</controlfield>
  <datafield tag="050" ind1=" " ind2=" ">
    <subfield code="a">BX 2347.72</subfield>
    <subfield code="b">.B423 1989</subfield>
  </datafield>
  <datafield tag="082" ind1=" " ind2=" ">
    <subfield code="a">M 248.4</subfield>
    <subfield code="b">B41 1989</subfield>
  </datafield>
  <datafield tag="245" ind1=" " ind2=" ">
    <subfield code="a">God can move mountains </subfield>
    <subfield code="b">the story of the Christian Appalachian Project </subfield>
    <subfield code="c">Beiting, Ralph W.</subfield>
  </datafield>
  <datafield tag="260" ind1=" " ind2=" ">
    <subfield code="a">Lancaster, Ky. </subfield>
    <subfield code="b">Christian Appalachian Project</subfield>
    <subfield code="c">c1989</subfield>
  </datafield>
  <datafield tag="300" ind1=" " ind2=" ">
    <subfield code="a">302 p. </subfield>
    <subfield code="c">18 cm</subfield>
  </datafield>
  <datafield tag="521" ind1=" " ind2=" ">
    <subfield code="a">College</subfield>
  </datafield>
  <datafield tag="526" ind1=" " ind2=" ">
    <subfield code="c">1210L-1700L</subfield>
  </datafield>
  <datafield tag="541" ind1=" " ind2=" ">
    <subfield code="j">1</subfield>
  </datafield>
  <datafield tag="541" ind1=" " ind2=" ">
    <subfield code="j">2</subfield>
  </datafield>
  <datafield tag="541" ind1=" " ind2=" ">
    <subfield code="j">3</subfield>
  </datafield>
  <datafield tag="562" ind1=" " ind2=" ">
    <subfield code="e">3</subfield>
  </datafield>
  <datafield tag="942" ind1=" " ind2=" ">
    <subfield code="2">lcc</subfield>
    <subfield code="c">BK</subfield>
    <subfield code="k">M</subfield>
  </datafield>
  <datafield tag="999" ind1=" " ind2=" ">
    <subfield code="c">16262</subfield>
    <subfield code="d">16262</subfield>
  </datafield>
  <datafield tag="952" ind1=" " ind2=" ">
    <subfield code="0">0</subfield>
    <subfield code="1">0</subfield>
    <subfield code="2">lcc</subfield>
    <subfield code="4">0</subfield>
    <subfield code="a">A</subfield>
    <subfield code="b">A</subfield>
    <subfield code="c">NULL</subfield>
    <subfield code="d">2013-02-27</subfield>
    <subfield code="e">DONATION</subfield>
    <subfield code="l">0</subfield>
    <subfield code="o">BX 2347.72 .B423 1989</subfield>
    <subfield code="p">C1664</subfield>
    <subfield code="r">2018-05-15 00:00:00</subfield>
    <subfield code="t">2</subfield>
    <subfield code="w">2013-02-27</subfield>
    <subfield code="y">BK</subfield>
  </datafield>
  <datafield tag="952" ind1=" " ind2=" ">
    <subfield code="0">0</subfield>
    <subfield code="1">0</subfield>
    <subfield code="2">lcc</subfield>
    <subfield code="4">0</subfield>
    <subfield code="a">A</subfield>
    <subfield code="b">A</subfield>
    <subfield code="c">NULL</subfield>
    <subfield code="d">2013-05-18</subfield>
    <subfield code="e">DONATION</subfield>
    <subfield code="l">0</subfield>
    <subfield code="o">BX 2347.72 .B423 1989</subfield>
    <subfield code="p">C1534</subfield>
    <subfield code="r">2018-05-15 00:00:00</subfield>
    <subfield code="t">1</subfield>
    <subfield code="w">2013-05-18</subfield>
    <subfield code="y">BK</subfield>
  </datafield>
  <datafield tag="952" ind1=" " ind2=" ">
    <subfield code="0">0</subfield>
    <subfield code="1">0</subfield>
    <subfield code="2">lcc</subfield>
    <subfield code="4">0</subfield>
    <subfield code="a">A</subfield>
    <subfield code="b">A</subfield>
    <subfield code="c">NULL</subfield>
    <subfield code="d">2013-05-18</subfield>
    <subfield code="e">DONATION</subfield>
    <subfield code="l">0</subfield>
    <subfield code="o">BX 2347.72 .B423 1989</subfield>
    <subfield code="p">C1655</subfield>
    <subfield code="r">2018-05-15 00:00:00</subfield>
    <subfield code="t">3</subfield>
    <subfield code="w">2013-05-18</subfield>
    <subfield code="y">BK</subfield>
  </datafield>
</record>
